Online
Catalog

Francisco Franco : (Record no. 42393)

MARC details
000 -CABECERA
campo de control de longitud fija 00843nam a2200229 a 4500
001 - NÚMERO DE CONTROL
campo de control 000042904
005 - FECHA Y HORA DE LA ÚLTIMA TRANSACCIÓN
campo de control 20201002040504.0
008 - DATOS DE LONGITUD FIJA--INFORMACIÓN GENERAL
campo de control de longitud fija 140212s1976 sp c 001 0 spa d
020 ## - NÚMERO INTERNACIONAL ESTÁNDAR DEL LIBRO
Número Internacional Estándar del Libro 8433459015
040 ## - FUENTE DE LA CATALOGACIÓN
Centro catalogador/agencia de origen DO-SdBNP
Lengua de catalogación spa
Centro/agencia transcriptor BNPHU
100 1# - ENTRADA PRINCIPAL--NOMBRE DE PERSONA
Nombre de persona Nourry, Philippe
9 (RLIN) 70353
240 10 - TÍTULO UNIFORME
Título uniforme La conquête du pouvoir
245 10 - MENCIÓN DE TÍTULO
Título Francisco Franco :
Resto del título La conquista del poder. /
Mención de responsabilidad, etc. Philippe Nourry; traducción, Arturo Colera, Benito Gómez Ibáñez.
260 ## - PUBLICACIÓN, DISTRIBUCIÓN, ETC.
Lugar de publicación, distribución, etc. España, :
Nombre del editor, distribuidor, etc. Edicones Júcar,
Fecha de publicación, distribución, etc. 1976.
300 ## - DESCRIPCIÓN FÍSICA
Extensión 446 p. :
Otras características físicas retrs. ;
Dimensiones 25 cm.
500 ## - NOTA GENERAL
Nota general Incluye índice onomástico
504 ## - NOTA DE BIBLIOGRAFÍA, ETC.
Nota de bibliografía, etc. Bibliografía p: 437-438
500 ## - NOTA GENERAL
Nota general Incluye datos biografícos del autor en la solapa de la portada.
500 ## - NOTA GENERAL
Nota general Incluye notas a pie de páginas
700 1# - PUNTO DE ACCESO ADICIONAL--NOMBRE DE PERSONA
Nombre de persona Colera, Arturo
Término indicativo de función/relación trad.
9 (RLIN) 70354
700 1# - PUNTO DE ACCESO ADICIONAL--NOMBRE DE PERSONA
Nombre de persona Gómez Ibáñez, Benito
Término indicativo de función/relación trad.
9 (RLIN) 70355
Holdings
Estado de retiro Estado de pérdida Restricciones de uso No para préstamo Código de colección Localización permanente Ubicación/localización actual Ubicación en estantería Fecha de adquisición Número de inventario Total de préstamos Signatura topográfica completa Código de barras Fecha visto por última vez Precio válido a partir de Tipo de ítem Koha
      Excluido de préstamo Monografías: Libros y Folletos General General En catalogación 12.02.2014 LF1   42904-10 25.06.2020 25.06.2020 No se presta

Powered by Koha